A study of quantity surveyors' ethical behaviour (Record no. 65882)

MARC details
000 -LEADER
fixed length control field 01333cam a2200277 4500
001 - CONTROL NUMBER
control field ABS63470
008 - FIXED-LENGTH DATA ELEMENTS--GENERAL INFORMATION
fixed length control field 000000n2001 000 0 eng u
035 ## - SYSTEM CONTROL NUMBER
System control number (Sirsi) u110524
100 ## - MAIN ENTRY--PERSONAL NAME
Personal name Fan, L.
245 #2 - TITLE STATEMENT
Title A study of quantity surveyors' ethical behaviour
260 ## - PUBLICATION, DISTRIBUTION, ETC.
Date of publication, distribution, etc. 2001
490 ## - SERIES STATEMENT
Series statement Construction Management and Economics
Volume/sequential designation 19(1) January 2001, 19-36(18)
520 ## - SUMMARY, ETC.
Summary, etc. Discusses contemporary theories of ethics and their origins and definitions and how they can be applied to the surveying profession. The results of a questionnaire sent to members of the Hong Kong Institute of Surveyors (HKIS), which demonstrate that there is a discrepancy between the standards of professional ethics of senior and junior surveyors and between the expectations of the general public and surveyors, are discussed. Concludes that the findings will enable better rules of conduct to be drafted in the future. Includes the questionnaire form, references and statistical data.
590 ## - LOCAL NOTE (RLIN)
Local note ABS
650 ## - SUBJECT ADDED ENTRY--TOPICAL TERM
Topical term or geographic name entry element CODE OF CONDUCT
650 ## - SUBJECT ADDED ENTRY--TOPICAL TERM
Topical term or geographic name entry element ETHICS
650 ## - SUBJECT ADDED ENTRY--TOPICAL TERM
Topical term or geographic name entry element HONG KONG INSTITUTE OF SURVEYORS
650 ## - SUBJECT ADDED ENTRY--TOPICAL TERM
Topical term or geographic name entry element PROFESSIONAL CONDUCT
650 ## - SUBJECT ADDED ENTRY--TOPICAL TERM
Topical term or geographic name entry element PROFESSIONAL ETHICS
650 ## - SUBJECT ADDED ENTRY--TOPICAL TERM
Topical term or geographic name entry element QUANTITY SURVEYORS
650 ## - SUBJECT ADDED ENTRY--TOPICAL TERM
Topical term or geographic name entry element SURVEYING PROFESSION
690 ## - LOCAL SUBJECT ADDED ENTRY--TOPICAL TERM (OCLC, RLIN)
Topical term or geographic name as entry element PROFESSIONAL PRACTICE
700 ## - ADDED ENTRY--PERSONAL NAME
Personal name Ho, C.
700 ## - ADDED ENTRY--PERSONAL NAME
Personal name Ng, V.
942 ## - ADDED ENTRY ELEMENTS (KOHA)
Suppress in OPAC 0
Holdings
Withdrawn status Lost status Source of classification or shelving scheme Damaged status Not for loan Home library Current library Shelving location Date acquired Total Checkouts Full call number Barcode Date last seen Copy number Price effective from Koha item type
    Dewey Decimal Classification     London London Journal article 25/01/2001   ABS63470 110524-1001 06/08/2019 1 06/08/2019 Journal article